Sabatha

Saved in:
Bibliographic Details
Format: Book
Published: Ran Publishers 2010
Tags: Add Tag
No Tags, Be the first to tag this record!

MARC

LEADER 00000nam a2200000 a 4500
082 |a 230 
245 |a Sabatha 
260 |b Ran Publishers  |c 2010 
300 |a 60p. ; 18cm. 
942 |c AFW 
999 |c 168092  |d 168092